000
00317nam a2200121Ia 4500
008
240624s9999 xx 000 0 und d
041
_a
eng
082
_a
658.4012 MIS
100
_a
MISHRA SMEETA
245
_a
ONLINE COMMUNICATION STRATEGIES FOR MANA
260
_c
2014
_a
New Delhi
_b
Tata McGraw-Hill
365
_c
RS
_b
33
999
_c
26230
_d
26230